000 00254nam a2200097 4500
999 _c522515
_d522515
082 _aI5135x54444 AR/2/2
100 _aGovernment of karnataka
_937701
245 _aSecond administrative reforms commission-2
260 _aBengaluru
_c2022
300 _a218p.